000 00451nam a2200169Ia 4500
005 20250423095025.0
008 250422s9999 xx 000 0 und d
020 _a9780134390789
050 _aQA 76.758 .C47/
100 _aCervantes, Humberto
245 0 _aDesigning software architectures : a practical approach
260 _aUnited State
260 _bPearson
260 _c2016
650 _aSoftware architecture. Big data.
942 _cBK
999 _c29007
_d29007